Štvrťstoročie sociológie na samostatnom Slovensku zborník príspevkov z vedeckej konferencie konanej 23. – 24. mája 2018 (Bratislava, Slovensko)
Saved in:
| Corporate Authors: | , |
|---|---|
| Other Authors: | , , |
| Format: | Book |
| Language: | Slovak |
| Published: |
Bratislava
STIMUL
2018
|
| Edition: | 1. vydanie |
| Subjects: | |
| Tags: |
No Tags, Be the first to tag this record!
|
MARC
| LEADER | 00000nlm a2200000 4500 | ||
|---|---|---|---|
| 001 | 0254577 | ||
| 005 | 20240827080806.8 | ||
| 020 | |a 978-80-8127-231-8 | ||
| 041 | 0 | |a slo | |
| 044 | |a SK | ||
| 245 | 1 | 0 | |a Štvrťstoročie sociológie na samostatnom Slovensku |b zborník príspevkov z vedeckej konferencie konanej 23. – 24. mája 2018 (Bratislava, Slovensko) |
| 250 | |a 1. vydanie | ||
| 264 | 1 | |a Bratislava |b STIMUL |c 2018 | |
| 300 | |a online 274 s. | ||
| 610 | 2 | 0 | |a sociológia |
| 610 | 2 | 0 | |a vývoj |
| 610 | 2 | 0 | |a výskum |
| 610 | 2 | 0 | |a štát |
| 610 | 2 | 0 | |a transformácia |
| 610 | 2 | 0 | |a integrácia |
| 610 | 2 | 0 | |a spoločnosť |
| 610 | 2 | 0 | |a triedy spoločenské |
| 610 | 2 | 0 | |a kultúra |
| 610 | 2 | 0 | |a rodina |
| 610 | 2 | 0 | |a deti |
| 610 | 2 | 0 | |a procesy sociálne |
| 610 | 2 | 0 | |a korupcia |
| 610 | 2 | 0 | |a radikalizmus |
| 610 | 2 | 0 | |a školy vysoké |
| 610 | 2 | 0 | |a vzdelávanie |
| 610 | 2 | 0 | |a trh práce |
| 610 | 2 | 0 | |a prostredie životné |
| 610 | 2 | 0 | |a správanie spotrebiteľa |
| 610 | 2 | 0 | |a Slovensko |
| 610 | 2 | 0 | |a Európa |
| 700 | 1 | |a Laiferová, Eva | |
| 700 | 1 | |a Guráň, Peter | |
| 700 | 1 | |a Hofreiter, Roman | |
| 110 | 2 | |a Štvrťstoročie sociológie na samostatnom Slovensku. Vedecká konferencia | |
| 710 | 2 | |a Slovenská sociologická spoločnosť pri SAV | |